00424nam a2200133Ia 4500008004100000020001800041041000800059082001800067100002400085245011400109250000600223260005300229300000800282210716s2008 xx 000 0 und d a9788120334793 aeng a658.3044 CRIR aCrittendon, Robert. aNew manager's starter kit: essential tools for doing the job right.bEssential tools for doing the job right. a1 aNew DelhibPrentice Hall of India PVt Ltd.c2008 a182